Repertorio universal de legislación y convenios sobre derecho de autor / (Record no. 126487)

MARC details
000 -LEADER
campo de control de longitud fija 01152nam a2200217 i 4500
001 - NÚMERO DE CONTROL
campo de control 126487
003 - IDENTIFICADOR DE NÚMERO DE CONTROL
campo de control ES-MaACL
005 - FECHA Y HORA DE LA ÚLTIMA TRANSACCIÓN
campo de control 20230906192828.0
007 - CAMPO FIJO DE DESCRIPCIÓN FÍSICA--INFORMACIÓN GENERAL
campo de control de longitud fija t|
008 - DATOS DE LONGITUD FIJA--INFORMACIÓN GENERAL
campo de control de longitud fija 070214m19601971sp r ||||1| spa d
080 ## - NÚMERO DE LA CLASIFICACIÓN DECIMAL UNIVERSAL
Número de la Clasificación Decimal Universal 347.78(100)"19"(094)
245 00 - MENCIÓN DEL TÍTULO
Título Repertorio universal de legislación y convenios sobre derecho de autor /
Mención de responsabilidad, etc. compilado por la Organización de las Naciones Unidas para la Educación, la Ciencia y la Cultura, en colaboración con la Unión Panamericana, el Ministerio de Educación Nacional de España y la Secretaría de Educación Pública de México.
260 ## - PUBLICACIÓN, DISTRIBUCIÓN, ETC.
Lugar de publicación, distribución, etc. París :
Nombre del editor, distribuidor, etc. Organización de las Naciones Unidas para la Educación, la Ciencia y la Cultura ;
Lugar de publicación, distribución, etc. Madrid :
Nombre del editor, distribuidor, etc. Aguilar,
Fecha de publicación, distribución, etc. 1960-1971.
300 ## - DESCRIPCIÓN FÍSICA
Extensión 5 v. ;
Dimensiones 19 cm.
505 8# - NOTA DE CONTENIDO CON FORMATO
Nota de contenido con formato Contiene: 1. Legislaciones nacionales: Afganistán, Italia - 2. Legislaciones nacionales: Japón, Yugoslavia. Convenciones multilaterales - 3. Suplemento de 1961 - 4. Suplemento de 1967 - 5. Suplemento de 1969
594 ## - Nota al título y mención de responsabilidad
Nota al título y mención de responsabilidad Tít. de cub.: RUDA.
650 #4 - PUNTO DE ACCESO ADICIONAL DE MATERIA--TÉRMINO DE MATERIA
Término de materia o nombre geográfico como elemento de entrada Propiedad intelectual-
Subdivisión de forma Legislación.
9 (RLIN) 16491
710 2# - ENTRADA AGREGADA--NOMBRE DE ENTIDAD CORPORATIVA
Nombre de entidad corporativa o nombre de jurisdicción como elemento de entrada Unesco.
9 (RLIN) 6999
740 02 - ENTRADA AGREGADA--TÍTULO RELACIONADO/ANALÍTICO NO CONTROLADO
Título relacionado o analítico no controlado RUDA.
852 4# - LOCALIZACIÓN
Ubicación ES-MaACL
Número de control de estantería P-718
Holdings
Estatus retirado Estado de pérdida Estado de daño No para préstamo Biblioteca de origen Biblioteca actual Ubicación en estantería Fecha de adquisición Fuente de adquisición Total de préstamos Signatura topográfica completa Código de barras Visto por última vez Precio de reemplazo Tipo de ítem Koha
        Biblioteca del Ateneo de Madrid Biblioteca del Ateneo de Madrid Depósito 2 17/01/2008     P-718 1131745 23/02/2023 23/02/2023 Libro impreso